Statistics for biology

Click here to take the quiz!

General Stats

  • This quiz has been taken 12 times
  • The average score is 13 of 56

Answer Stats

HintAnswer% Correct
lungsAir-filled organs that help you breathe clean and good air while removing gasses.
100%
aortaCarries blood away from your heart to the rest of your body
91%
diaphragmMajor muscle of respiration
82%
bronchiTwo larger tubes that carry air from the windpipe to your lungs
73%
larynxLets air pass through your throat to the trachea to the lungs
73%
liverLargest internal organ
73%
tracheaCarry air to the lungs
73%
pulmonary arterytransport blood from the heart right side to the lungs
64%
brainControls thought, memory, emotion, touch, and other necessary functions
55%
gallbladderBile breaks down fat
55%
large intestinePart of the digestive system that is responsible for digesting the water that is part of the indigestible part of the food
55%
epiglottisThe flap at the base of the tongue that prevents food from entering the trachea during swallowing
45%
pancreasCreates enzymes during digestion that break down sugars, fats, and starches
45%
pancreasCreates enzymes during digestion that break down sugars, fats, and starches
45%
spinal cordConnects brain to lower back
45%
stomachDigests food
Breaks food down and passes it to the small intestine

45%
cerebellummaintains balance and posture
36%
pulmonary veinlong tube structure that carries bile
36%
small intestineThe longer intestine that connects the stomach and small intestine
36%
coronary arterySupply blood to the heart muscle
27%
esophagusCarry food and liquid from mouth to stomach
27%
bile ductBile breaks down fat
18%
duodenumThe first part of the small intestine
18%
kidneyRemoves waste and extra fluid from the body
18%
optic nervecritical vision
carries messages from retina to brain
18%
brain stemthe bottom portion of the brain
sends messages to rest of body and mantain balance
9%
inferior/superior vena cava
9%
olfactory nerveA sensory nerve that controls smell in the nasal cavity
9%
right/left atrium
9%
right/left ventricle
9%
spleenThe organ in the upper left side of the abdomen
9%
thyroid glandAn organ located at the base of your neck
9%
adrenal glandProduce hormones that control metabolism, immune system, blood pressure, response to stress, etc.
0%
axillary arteryA large vessel that travels through the axilla
0%
brachial arterymain vessel supplying blood to the muscles in your upper arm and elbow joint.
0%
brachiocephalic arteryBlood is supplied to the head, neck, and upper limbs.
0%
cardiac spincterMuscle helping not move the food in the stomach back to your mouth
0%
carotid arterytransport blood and oxygen to the brain and heart
0%
corpus callosumEnsures both sides of the brain communicate and send signals to each other
A large bundle of over 200 million nerve fibers
0%
ductus arteriosusA standard blood vessel that connects two major arteries
0%
femoral arteryBlood vessels supplying blood to the lower body
0%
jugular veinsuperficial areas of the face
0%
lymphaticssupports organs of the abdomen
0%
lymph nodesimmune system
0%
meningesProtects your central nervous system
0%
mesenteryAttaches the intestines to the abdominal wall
0%
nasopharynxConnects nasal passages to the rest of the respiratory system
0%
pancreatict ductA duct (tube) that connects the pancreas to the common bile duct
0%
pericardiumfascia covering the heart
0%
pericardiumkeeps heart in place
0%
peritoneumFascia in the abdomen
0%
pyloric sphincterMuscle connecting stomach and small intestine
0%
subclavian arterySupplies blood to bilateral upper extremities
0%
thymus glandIn the chest between the lungs
0%
umbilical veinBlood returning from placenta to fetus until it involutes after birth
0%
vagus nervePrimary nerves in your parasympathetic nervous system
Regulates organ functions
0%

Score Distribution

Percentile by Number Answered

Percent of People with Each Score

Your Score History

You have not taken this quiz